banner koha

Cacao salgado e seco: economia e industrializacao para substituicao do bacalhau (Registro n. 122698)

MARC details
000 -LÍDER
campo de controle de tamanho fixo 01031nas a2200325 4500
001 - NÚMERO DE CONTROLE
campo de controle BR8802023
003 - IDENTIFICADOR DO NÚMERO DE CONTROLE
campo de controle BR-BrBNA
005 - DATA E HORÁRIO DA ÚLTIMA TRANSAÇÃO
campo de controle 20231205091105.0
007 - CAMPO FIXO DE DESCRIÇÃO FÍSICA--INFORMAÇÃO GERAL
campo de controle de tamanho fixo ta
008 - CAMPO DE DADOS FIXOS--INFORMAÇÃO GERAL
campo de controle de tamanho fixo 230509b bl.|||p| |||| 00| 00por d
040 ## - FONTE DA CATALOGAÇÃO
Instituição da catalogação original BR-BrBNA
Idioma da catalogação por
Instituição que transcreveu o registro Biblioteca Nacional de Agricultura
041 ## - CÓDIGO DE IDIOMA
Código do idioma do texto/trilha sonora ou título diferente (Pt)
072 ## - CÓDIGO DE CATEGORIA DE ASSUNTO
Código de Categoria de Assunto Q02
100 1# - ENTRADA PRINCIPAL--NOME PESSOAL
Nome pessoal Moretti, V.A.
100 1# - ENTRADA PRINCIPAL--NOME PESSOAL
Nome pessoal Almeida, L.A.S.B. de
100 1# - ENTRADA PRINCIPAL--NOME PESSOAL
Nome pessoal Gasparino Filho, J.
100 1# - ENTRADA PRINCIPAL--NOME PESSOAL
Nome pessoal Pinto Neto, J.
100 1# - ENTRADA PRINCIPAL--NOME PESSOAL
Nome pessoal Morais, C. de
100 1# - ENTRADA PRINCIPAL--NOME PESSOAL
Nome pessoal Bicudo Neto, L. de C.
100 1# - ENTRADA PRINCIPAL--NOME PESSOAL
Nome pessoal Rivelli, P.B.
245 1# - TÍTULO
Título Cacao salgado e seco: economia e industrializacao para substituicao do bacalhau
246 1# - FORMA VARIANTE DO TÍTULO
Título/título abreviado Salted dried shark: economics and industrialization for substitution of codfish
650 ## - ASSUNTO--TERMO TÓPICO
Cabeçalho tópico ou nome geográfico CACAO
650 ## - ASSUNTO--TERMO TÓPICO
Cabeçalho tópico ou nome geográfico PEIXE SECO
650 ## - ASSUNTO--TERMO TÓPICO
Cabeçalho tópico ou nome geográfico PEIXE SALGADO
650 ## - ASSUNTO--TERMO TÓPICO
Cabeçalho tópico ou nome geográfico SECAGEM
773 0# - ENTRADA ANALÍTICA
Título Coletanea do Instituto de Tecnologia de Alimentos (Brazil)
ISSN - International Standard Serial Number ISSN 0100-350X
Partes relacionadas (1986), v. 16 p. 93-112
Número de controle do registro BR8802023
909 ## -
-- 202311
-- Lúcia
-- 55
-- Lúcia Elande
942 ## - ELEMENTOS DE ENTRADA ADICIONADOS (KOHA)
Fonte da classificação ou esquema de arquivamento na estante Classificação AGRIS
Ocultar no OPAC Não
Tipo de material Koha Analítica
Exemplares
Situação do descarte Fonte da classificação ou esquema de arquivamento na estante Situação física Não pode ser emprestado Biblioteca de origem Biblioteca atual Localização na estante Enumeração do periódico / cronologia Total de empréstimos Data de último acesso Número do exemplar Tipo de material Koha Fonte de aquisição
  Classificação AGRIS   Consulta local Biblioteca Nacional de Agricultura - Binagri Biblioteca Nacional de Agricultura - Binagri   (1986), v. 16 p. 93-112   29/11/2023 01 Periódicos Portaria Interministerial nº 164/94

BINAGRI

Telefone: (61)3218-2567/2388/3357/2097 - binagri@agro.gov.br

Ministério da Agricultura e Pecuária , Esplanada dos Ministérios, Bloco D, Anexo B, Brasília/DF, CEP: 70.043-900